Príprava, modifikácia a vlastnosti polymérnych vrstiev

Enregistré dans:
Détails bibliographiques
Auteur principal: Nagy, Gabriel
Format: Livre
Langue:slovaque
Publié: Bratislava STU FCHPT 2008
Accès en ligne:Voir à l'OPAC
Tags: Ajouter un tag
Pas de tags, Soyez le premier à ajouter un tag!

MARC

LEADER 00000nam a2200000 a 4500
005 20260127134141.0
008 080819 2008 xo 000 0 slo d
035 |a vtls009323438 
039 9 |y 200808191034  |z mschk03 
040 |a STUSCHK1  |b slo  |c STUSCHK1  |e AACR2 
100 1 |a Nagy, Gabriel 
245 1 |a Príprava, modifikácia a vlastnosti polymérnych vrstiev 
260 |a Bratislava  |b STU FCHPT  |c 2008 
300 |a 80 s.  |b il.  |c 30 cm 
500 |a Obháj.: 12.6. 2008 
500 |a Zameranie: polygrafia a fotochémia 
500 |a Študijný odbor: 5.2.18 chemické technológie 
910 |a SCHK95 
999 |c 5259  |d 5259